| 000 | 00747nam a2200205 a 4500 | ||
|---|---|---|---|
| 003 | 0 | ||
| 005 | 20250513083031.0 | ||
| 008 | 021107s19uu xx 00 eng d | ||
| 050 |
_aPGS BF 723.S63 _b.C965 2002 |
||
| 100 | _aCuevas, Ivan Nicole M. | ||
| 245 |
_aShyness as perceived by grade six students / _cIvan Nicole M. Cuevas. |
||
| 260 |
_aLas PiƱas City, Philippines : _bSouthville International School and Colleges, _c2002. |
||
| 300 |
_a39 pages : _billustrations ; _c28 cm. |
||
| 504 | _aIncludes bibliographic references. | ||
| 650 | _aShyness in children. | ||
| 650 | _aSocial behavior in children. | ||
| 650 |
_aChild psychology _vEmotional development. |
||
| 650 | _aPersonality development in children. | ||
| 942 |
_2lcc _cPASS |
||
| 999 |
_c96668 _d96668 |
||